| 000 | 00969cam a2200313 a 4500 | ||
|---|---|---|---|
| 999 |
_c173023 _d173023 |
||
| 001 | 4782516 | ||
| 003 | Nust | ||
| 005 | 20180712042526.0 | ||
| 008 | 860124s1985 enk 000 1 eng c | ||
| 010 | _a 86672142 | ||
| 020 |
_a978-0552774956 (pbk) _cRs. 596 |
||
| 020 | _a 0552774952 | ||
| 038 | _aArshad | ||
| 040 |
_aMH _cMH _dDLC _dOCoLC |
||
| 041 | 1 | _aengspa | |
| 050 | 1 | 4 |
_aPQ8098.1.L54 _bC313x 1985b |
| 082 |
_a863.64 _bALL |
||
| 100 | 1 |
_aAllende, Isabel. _911587 |
|
| 240 | 1 | 0 |
_aCasa de los espĂritus. _lEnglish |
| 245 | 1 | 4 |
_aThe house of the spirits / _cIsabel Allende ; translated from the Spanish by Magda Bogin. |
| 260 |
_aLondon : _bJ. Cape, _c1985. |
||
| 300 |
_a490 p. ; _c25 cm. |
||
| 500 | _aTranslation of: La casa de los espĂritus. | ||
| 650 |
_aManners and customs _911348 |
||
| 650 |
_aDomestic fiction _911588 |
||
| 655 | 7 |
_aDomestic fiction. _2lcsh _911588 |
|
| 906 |
_a7 _bcbc _corignew _du _encip _f19 _gy-gencatlg |
||
| 942 |
_2ddc _cBK |
||